000 00509nam a2200157 a 4500
001 000032909
005 20240229073830.0
008 110801s1955 dr r 000 0 spa d
040 _aDO-SdBNP
_bspa
_cBNPHU
082 _axxxx
_bH519c
100 1 _aHenríquez i Carvajal, Federico,
_d1848-1952
_97792
245 1 3 _aEl contrato /
_cFrancisco Henríquez y Carvajal.
260 _aCiudad Trujillo, República Dominicana :
_bEditora del Caribe,
_c1955.
300 _a48 p. ;
_c23 cm.
590 _aInventariado, 2018/LP
999 _c32400
_d32400